000 02271 a2200325 4500
999 _c23858
_d23858
003 NUST
005 20170620133420.0
008 170620b xxu||||| |||| 00| 0 eng d
020 _a0130619701
040 _aDLC
_bDLC
_cRCMS
082 1 _a621.395 WOL
100 1 _aWayne Wolf
_92954
245 0 0 _aModern VLSI design: System-on-chip design
_cWayne Wolf
250 _a3rd ed.
260 _aNew Delhi :
_bPearson Education,
_cc1997.
300 _axx, 622 p. :
_bill.
_c24 cm.
538 _iShelf # 09, Row # 1, History & Digital Design.
650 7 _aIntegrated circuits
_xVery large scale integration
_92955
650 7 _aLow voltage integrated circuits
_xDesign and construction
_xData processing
_92956
650 7 _aIntegrerade kretsar (Datorteknik)
_92957
650 7 _aVLSI
_92958
650 7 _aIntegrerade kretsar
_92959
650 7 _aIntegrated circuits
_92960
856 _3Table of Contents Only.
942 _cBK
_k621.395 WOL
_2ddc
_h621.395 WOL